Recreation at Belle Isle, Detroit, ice boating off Belle Isle, footage of lake excursion boat with hole in the side /

Scenes of ice boating off Belle Island, in Detroit, produced by Ford Motor Company.

Bibliographic Details
Format: Video
Language:English
Language Notes:This edition in English.
Published: Detroit, MI : Ford Motor Company, 1916.
Series:American history in video
Subjects:
Online Access:Connect to this streaming video (Alexander Street Press)

MARC

Tag First Indicator Second Indicator Subfields
LEADER 00000cgm a2200000 a 4500
001 in00005570813
006 m o c
007 vz |zazu|
007 cr |na---||a|a
008 140203s1916 miu001 g o vleng d
005 20241201231932.7
035 |a (OCoLC)ocn874050612 
040 |a ALSTP  |b eng  |e pn  |c ALSTP  |d OCLCO  |d OCLCQ  |d OCLCF  |d U3G  |d CUS  |d OCLCQ  |d OCLCO  |d OCLCQ  |d IAA  |d FVL  |d GILDS  |d WYU  |d YOU  |d TKN  |d OCLCO  |d OCL  |d OCLCO  |d OCLCL  |d OCLCQ  |d CJT  |d YWS  |d OCLCO 
019 |a 1373501651 
035 |a (OCoLC)874050612  |z (OCoLC)1373501651 
043 |a n-us-mi  |a n-cn-on 
050 4 |a E178 
049 |a TXAM 
245 0 0 |a Recreation at Belle Isle, Detroit, ice boating off Belle Isle, footage of lake excursion boat with hole in the side /  |c by the Ford Motor Company. 
260 |a Detroit, MI :  |b Ford Motor Company,  |c 1916. 
300 |a 1 online resource (video file (1 min.)) :  |b silent, black and white. 
306 |a 000124 
336 |a two-dimensional moving image  |b tdi  |2 rdacontent 
337 |a computer  |b c  |2 rdamedia 
338 |a online resource  |b cr  |2 rdacarrier 
344 |a digital  |2 rda 
347 |a streaming video file  |2 rda 
490 0 |a American history in video 
520 |a Scenes of ice boating off Belle Island, in Detroit, produced by Ford Motor Company. 
546 |a This edition in English. 
650 0 |a Ice-boats  |z Detroit River (Mich. and Ont.) 
650 6 |a Yachts à glace  |z Detroit, Rivière de (Mich. et Ont.) 
650 7 |a Ice-boats  |2 fast 
651 7 |a North America  |z Detroit River  |2 fast  |1 https://id.oclc.org/worldcat/entity/E39PBJqqvyKv9JbFMjBfjBYdcP 
655 4 |a Streaming videos. 
655 7 |a documentary film.  |2 aat 
655 7 |a Feature films  |2 fast 
655 7 |a Nonfiction films  |2 fast 
655 7 |a Short films  |2 fast 
655 7 |a Silent films  |2 fast 
655 7 |a Short films.  |2 gsafd 
655 7 |a Silent films.  |2 gsafd 
655 7 |a Short films.  |2 lcgft 
655 7 |a Nonfiction films.  |2 lcgft 
655 7 |a Silent films.  |2 lcgft 
655 7 |a Feature films.  |2 lcgft 
655 7 |a Documentary films.  |2 lcgft 
655 7 |a Courts métrages.  |2 rvmgf 
655 7 |a Films autres que de fiction.  |2 rvmgf 
655 7 |a Films muets.  |2 rvmgf 
655 7 |a Documentaires.  |2 rvmgf 
710 2 |a Ford Motor Company,  |e production company. 
856 4 0 |u http://proxy.library.tamu.edu/login?url=https://www.aspresolver.com/aspresolver.asp?AVN2;2131090  |z Connect to this streaming video (Alexander Street Press)  |t 0 
955 |a Alexander Street Press subscription streaming video 
994 |a 92  |b TXA 
999 f f |s 70b97316-99f8-4f5d-a476-febb2a8dda9c  |i eaef3f8c-f567-4393-9a4e-a512f438f75d  |t 0 
952 f f |a Texas A&M University  |b College Station  |c Electronic Resources  |d Available Online  |t 0  |e E178   |h Library of Congress classification 
998 f f |a E178   |t 0  |l Available Online